• 首页
  • 本馆介绍
  • 公告通知
  • 最新文献
  • 馆藏检索
  • 电子资源
  • 读者导购
  • 参考咨询
  • 我的图书馆
  • 登录
  • 详细信息显示
  • 放入我的书架
  • 预约/预借图书
  • 作者相关作品
  • 分类相关作品
  • 丛书相关作品
  • 出版社相关作品

书目信息

  • 表格格式
  • 工作单格式
  • 卡片格式
题名:
代数数论
    
 
作者: 潘承洞 , 潘承彪 著
分册:  
出版信息: 济南   山东大学出版社  2001
页数: 437页
开本: 21cm
丛书名:
单 册:
中图分类: O156.2
科图分类:
主题词: 代数数论
电子资源:
ISBN: 7-5607-0393-3
000 00677nam0 2200241 45
001 070000000307
005 20050907101154.50
010    @a7-5607-0393-3@dCNY19.80
100    @a20040223e20032001ekmy0chiy0120 ea
101 0  @achi
102    @aCN@b370000
105    @aak az 001yy
200 1  @a代数数论@Adai shu shu lun@f潘承洞,潘承彪著@Fpan cheng dong,pan cheng biao zhu
205    @a2版
210    @a济南@c山东大学出版社@d2001
215    @a437页@c图@d21cm
320    @a有书目及索引
606 0  @a代数数论
690    @aO156.2@v4
701  0 @a潘承洞@Apan cheng dong@4著
701  0 @a潘承彪@Apan cheng biao@4著
801  0 @aCN@bTSSF@c20050907
905    @a10447@dO156.2@e71=2
    
    代数数论/潘承洞,潘承彪著.-2版.-济南:山东大学出版社,2001
    437页:图;21cm
    
    
    ISBN 7-5607-0393-3:CNY19.80
    
●
相关链接 在E读中查询图书 在五车中查询图书 在当当中查询图书 在豆瓣中查询图书


正题名:代数数论     索取号:O156.2/71=2         预约/预借

序号 登录号 条形码 馆藏地/架位号 状态 备注
1 0360338   3603381   第二样本阅览室/ [索取号:O156.2/71=2] 在馆    
2 0360339   3603390   第三借阅区/ [索取号:O156.2/71=2] 在馆    
3 0360340   3603407   第三借阅区/ [索取号:O156.2/71=2] 在馆    
4 0360341   3603416   第三借阅区/ [索取号:O156.2/71=2] 在馆    
5 0360342   3603425   第三借阅区/ [索取号:O156.2/71=2] 在馆    
欢迎您!
大连网信软件有限公司© 版权所有